Pays : Pyramides de mots - Statistiques

Statistiques générales
  • Ce quiz a été pris 83 fois
  • Le résultat moyen est 10 sur 61
Statistiques - réponses
Hint Réponse % Correct
1 Tout près de la SI
52%
2 Spectacle nippon NO
51%
1 Brillant sur l'ongle VERNIS
51%
3 Résidants HABITANT
42%
5 Pascal PA
42%
1 Mot pour le roi SIRE
37%
6 Mi-août AO
34%
4 Fin de journée EE
33%
2 Rouge en Louisiane BATON
30%
Portrait dont le nom signifie (2) de commandement bâton
30%
5 Bonne pomme API
29%
3 Ames HABITANTS
29%
Portrait Il compte un peu plus d'un million d'(3) habitants
29%
1 Dans le vol-au-vent comme dans le vent RIS
27%
6 Principe chinois TAO
27%
7 Berges de l'Adour AR
26%
3 Finit en débutant NT
26%
4 Crie en forêt REE
26%
3 Tressa NATTA
25%
2 Blesse quand il est cassant TON
25%
5 En tranche ou sur la tronche PAIN
23%
1 Chef d'état SOUVERAIN
22%
Portrait Ce pays doit son nom à un (1) souverain
22%
1 Temps futurs AVENIRS
18%
3 Prix à payer TANT
18%
6 Vedette de salon AUTO
16%
3 Briseur de roc TNT
16%
2 Va bene NOTA
15%
5 Gens du pays POPULATION
15%
Portrait mais la (5) actuelle est arrivée au XIXe s. population
15%
7 Roue creuse REA
15%
7 Roi ou reine MONARQUE
14%
Portrait sur décision du (7) porte ce nom depuis 2018. monarque
14%
4 Temps reculés PREHISTOIRE
14%
Portrait Le site a été occupé à la (4) préhistoire
14%
6 Qui a coupé le cordon AUTONOME
12%
Portrait Le pays est (6) depuis 1968 autonome
12%
1 Numéro de boite SIREN
12%
3 Urgeant HATANT
11%
4 Ecossais ERSE
10%
Réponse Ce pays est l(e/a) Eswatini
10%
6 C'est celle qu'elle préfère OUATE
10%
3 Harcelait HANTAIT
5%
7 Echouer MANQUER
5%
6 Otât des noeuds ENOUAT
4%
5 Instrument de cuisine PIANO
4%
4 Trier SERIER
3%
5 Fait Plop PLOPATION
1%
4 De nouveau orné de personnages REHISTORIE
1%
7 Mesurer à l'ancienne AUNER
0%
6 Fille d'Harmonie AUTONOE
0%
4 Mettre à l'honneur HEROISER
0%
4 Gonfle avec l'arc ISERE
0%
5 Dans l'Aisne LAPPION
0%
7 On y jouait en Espagne MUNERA
0%
7 Affluent du Tigre NERA
0%
5 Bouchant autrefois OPPILANT
0%
5 Singe PAPION
0%
4 Chaste gardée ROSIERE
0%
4 Formuler THEORISER
0%
1 Voiliers VAURIENS
0%
Aucun quiz correspondant
Distribution des résultats
% des personnes avec chaque résultat
Percentile par nombre de réponses
Votre historique - résultats
Vous n’avez pas pris ce quiz